| 000 | 00774nas a2200253 4500 | ||
|---|---|---|---|
| 001 | BR0100230 | ||
| 003 | BR-BrBNA | ||
| 005 | 20231205102015.0 | ||
| 007 | ta | ||
| 008 | 230509b bl.|||p| |||| 00| 00por d | ||
| 040 |
_aBR-BrBNA _bpor _cBiblioteca Nacional de Agricultura |
||
| 041 | _a(En) | ||
| 072 | _aL70 | ||
| 100 | 1 | _aTarraga, K.M. | |
| 100 | 1 | _aSpinosa, H.S. | |
| 100 | 1 | _aCamacho, A.A. | |
| 245 | 1 | _aElectrocardiographic evaluation of two anesthetic combinations in dogs | |
| 650 | _aCao | ||
| 650 | _aEletrocardiograma | ||
| 650 | _aAnestesia | ||
| 773 | 0 |
_tArquivo Brasileiro de Medicina Veterinaria e Zootecnia (Brazil) _xISSN 0102-0935 _g(Apr 2000), v. 52(2) p. 138-143 _wBR0100230 |
|
| 909 |
_a202311 _bLúcia _c55 _dLúcia Elande |
||
| 942 |
_2AGRIS _n0 _cANA |
||
| 999 |
_c165221 _d165221 |
||